Lecciones y conversaciones sobre estética, psicología y creencia religiosa / Ludwig Wittgenstein ; traducción por Isidoro Reguera

Spremljeno u:
Bibliografski detalji
Glavni autor: Wittgenstein, Ludwig
Format: Knjiga
Jezik:Undetermined
Izdano: Barcelona, España Paidós 1992
Teme:
Oznake: Dodaj oznaku
Bez oznaka, Budi prvi tko označuje ovaj zapis!

MARC

LEADER 00000nam a2200000Ia 4500
008 170316s9999 xx 000 0 und d
090 |a 100 W-19Le 
100 |a Wittgenstein, Ludwig 
245 |a Lecciones y conversaciones sobre estética, psicología y creencia religiosa / Ludwig Wittgenstein ; traducción por Isidoro Reguera 
260 |a Barcelona, España 
260 |b Paidós 
260 |c 1992 
300 |a 150 páginas 
650 |a FILOSOFÍA 
650 |a ESTÉTICA 
650 |a PSICOLOGÍA 
650 |a RELIGIÓN 
999 |c 17913  |d 17913 
040 |a cru BVZT 
942 |c 15 D  |h 100 W-19Le  |2 z